<?xml version="1.0" encoding="UTF-8"?>
<marc:record xmlns:marc="http://www.loc.gov/MARC21/slim">
   <marc:leader>00000nam a2200000 a 4500</marc:leader>
   <marc:datafield ind1="0" ind2="0" tag="245">
      <marc:subfield code="a">Spirit</marc:subfield>
   </marc:datafield>
   <marc:datafield ind1="0" ind2="0" tag="245">
      <marc:subfield code="b">der wilde Mustang</marc:subfield>
   </marc:datafield>
   <marc:datafield ind1=" " ind2="1" tag="264">
      <marc:subfield code="b">Universal Studios</marc:subfield>
      <marc:subfield code="c">2018</marc:subfield>
   </marc:datafield>
   <marc:datafield ind1="1" ind2=" " tag="520">
      <marc:subfield code="a">Spirit ist der stolze Anführer einer wunderschönen Herde im amerikanischen Westen. Doch ein brutaler Colonel hat es auf ihn abgesehen! Er fängt Spirit ein und versucht ihn zu zähmen. Als der junger Indianer &#x84;Little Creek&#x93; ebenfalls gefangenen genommen wird, freunden sich die beiden an und schließlich gelingt ihnen das Unmögliche: Sie fliehen. Spirit muss jedoch bald erkennen, dass auch Little Creek ihn zähmen und reiten möchte, dabei möchte er doch nur eines: zurück zu seiner geliebten Herde!</marc:subfield>
   </marc:datafield>
   <marc:datafield ind1=" " ind2=" " tag="020">
      <marc:subfield code="a">5053083147006</marc:subfield>
      <marc:subfield code="9">5053083147006</marc:subfield>
   </marc:datafield>
   <marc:datafield ind1="0" ind2=" " tag="490">
      <marc:subfield code="v">0</marc:subfield>
   </marc:datafield>
   <marc:datafield ind1=" " ind2=" " tag="300">
      <marc:subfield code="a">80 Minuten</marc:subfield>
   </marc:datafield>
</marc:record>
